BIBLIOTECA

SENCICO

Arquitectura energía-cero / (Registro nro. 2351)

Detalles MARC
000 -LEADER
fixed length control field 00976nam a2200253Ia 4500
003 - CONTROL NUMBER IDENTIFIER
control field PE SENCICO BE
005 - DATE AND TIME OF LATEST TRANSACTION
control field 20251020182539.0
008 - FIXED-LENGTH DATA ELEMENTS--GENERAL INFORMATION
fixed length control field 200515s9999 xx 000 0 und d
020 ## - INTERNATIONAL STANDARD BOOK NUMBER
International Standard Book Number 978-84-15829-54-6
040 ## - CATALOGING SOURCE
Original cataloging agency PE SENCICO BE
Transcribing agency PE SENCICO BE
082 ## - DEWEY DECIMAL CLASSIFICATION NUMBER
Classification number 720.472
Item number G27
100 1# - MAIN ENTRY--PERSONAL NAME
Personal name Garrido, Luis de
245 #0 - TITLE STATEMENT
Title Arquitectura energía-cero /
Statement of responsibility, etc. Luis de Garrido
250 ## - EDITION STATEMENT
Edition statement [1a ed.]
260 ## - PUBLICATION, DISTRIBUTION, ETC.
Place of publication, distribution, etc. Barcelona :
Name of publisher, distributor, etc. Monsa,
Date of publication, distribution, etc. 2014
300 ## - PHYSICAL DESCRIPTION
Extent 111 p. :
Other physical details il. col.;
Dimensions 24 cm.
520 ## - SUMMARY, ETC.
Summary, etc. Describe la estrategia general de diseño para obtener una "arquitectura de consumo energético cero" parece insinuar una arquitectura que no consume energía, sin embargo la práctica totalidad de edificios que en la actualidad se califican con este término
650 14 - SUBJECT ADDED ENTRY--TOPICAL TERM
Topical term or geographic name entry element Arquitectura sostenible
9 (RLIN) 280
650 24 - SUBJECT ADDED ENTRY--TOPICAL TERM
Topical term or geographic name entry element Viviendas ecológicas
9 (RLIN) 844
650 24 - SUBJECT ADDED ENTRY--TOPICAL TERM
Topical term or geographic name entry element Energía solar
9 (RLIN) 1014
650 24 - SUBJECT ADDED ENTRY--TOPICAL TERM
Topical term or geographic name entry element Arquitectura de viviendas
9 (RLIN) 370
942 ## - ADDED ENTRY ELEMENTS (KOHA)
Koha item type Libros
Source of classification or shelving scheme Dewey Decimal Classification
Existencias
Fecha de la última vez que lo usaron Número de ingreso o de inventario Pago total Signatura topográfica completa Precio efectivo desde Tipo de documento Estado perdido Sistema de clasificación Estado dañado No es para préstamo Retirado Ubicación permanente Ubicación actual Fecha de adquisición
13/05/2023 16152   720.472/G27 13/05/2023 Libros   Dewey Decimal Classification       Biblioteca Central Lima Biblioteca Central Lima 13/05/2023